Culture général sur l'histoire française - Statistiques

Statistiques générales
  • Ce quiz a été pris 161 fois
  • Le résultat moyen est 6 sur 20
Statistiques - réponses
Questions Réponses % Correct
Quel roi a promulgué l’édit de Nantes en 1598 ? Henri IV
87%
Quelle bataille de 1515 est célèbre pour la victoire de François Ier ? Bataille de Marignan
76%
Quelle bataille de 732 a arrêté l'invasion musulmane en France ? Bataille de Poitiers
63%
Quel cardinal, célèbre pour son rôle politique et sa rivalité avec les nobles, a gouverné sous Louis XIII ? Cardinal de Richelieu
62%
Quel roi a publié l’édit de Fontainebleau, révoquant l'édit de Nantes en 1685 ? Louis XIV
60%
Qui fut la première femme à occuper la fonction de Premier ministre en France ? Édith Cresson
51%
Qui est l’auteur du traité politique Le Contrat social, influent au début de la Révolution française ? Jean-Jacques Rousseau
48%
À quel âge Louis XIV est-il monté sur le trône de France ? 4 ans
34%
Qui était l'amant célèbre de Diane de Poitiers, influente figure à la cour de France ? Henri II
26%
Quel roi de France a signé le traité de Troyes en 1420, accordant la couronne de France à Henri V d'Angleterre ? Charles VI
25%
Quel traité de 843 a divisé l’Empire carolingien ? Traité de Verdun
21%
Quel est le nom de l’impératrice française qui a régné avec Napoléon III ? Eugénie de Montijo
14%
Quel fut le surnom du prince Louis II de Condé, chef militaire durant les guerres de religion ? Le Grand Condé
13%
Dans quelle ville Charles VIII est-il mort accidentellement en 1498 ? Amboise
11%
Quel duc de Bourgogne, surnommé le "Grand Téméraire", fut tué lors de la bataille de Nancy en 1477 ? Charles le Téméraire
10%
Quel roi a construit la première enceinte de Paris, contribuant à sa fortification ? Philippe Auguste
8%
Quel général fut assassiné en Égypte par des rivaux politiques, malgré son statut de héros révolutionnaire ? Jean-Baptiste Kléber
4%
Quel est le nom du ministre qui a mis en place la Sécurité sociale en 1945 ? Pierre Laroque
4%
Dans quel château Jeanne d'Arc a-t-elle été emprisonnée avant son procès ? Château de Rouen
3%
Quel est le nom du dernier roi des Francs qui fut déposé par Pépin le Bref en 751 ? Childéric III
3%
Aucun quiz correspondant
Distribution des résultats
% des personnes avec chaque résultat
Percentile par nombre de réponses
Votre historique - résultats
Vous n’avez pas pris ce quiz